राग भैरव / (Record no. 114836)

MARC details
000 -LEADER
fixed length control field 00977nam a22002537a 4500
005 - DATE AND TIME OF LATEST TRANSACTION
control field 20170124103014.0
010 ## - LIBRARY OF CONGRESS CONTROL NUMBER
LC control number A-582654
020 ## - INTERNATIONAL STANDARD BOOK NUMBER
Terms of availability 40.00
035 ## - SYSTEM CONTROL NUMBER
System control number A-582654
037 ## - SOURCE OF ACQUISITION
Source of stock number/acquisition Cen Lib/Ret
040 ## - CATALOGING SOURCE
Original cataloging agency DPL
Language of cataloging HN
082 ## - DEWEY DECIMAL CLASSIFICATION NUMBER
Classification number
Item number मित्रवि
100 ## - MAIN ENTRY--PERSONAL NAME
Personal name मित्र, विमल
9 (RLIN) 58591
245 ## - TITLE STATEMENT
Title राग भैरव /
Statement of responsibility, etc विमल मित्र
246 ## - VARYING FORM OF TITLE
Title proper/short title Raag bhairav /
Remainder of title by Vimal Mitra
260 ## - PUBLICATION, DISTRIBUTION, ETC. (IMPRINT)
Place of publication, distribution, etc दिल्ली
Name of publisher, distributor, etc सन्मार्ग प्रकाशन
Date of publication, distribution, etc 1992
270 ## - ADDRESS
City दिल्ली
Address 16 यू.बी.बैंगलो रोड, जवाहर नगर
Postal code 110007
300 ## - PHYSICAL DESCRIPTION
Extent 123पृ.
Dimensions 17सेमी (सजिल्द)
650 ## - SUBJECT ADDED ENTRY--TOPICAL TERM
Topical term or geographic name as entry element हिन्दी -- साहित्य
9 (RLIN) 58592
650 ## - SUBJECT ADDED ENTRY--TOPICAL TERM
Topical term or geographic name as entry element हिन्दी -- उपन्यास
9 (RLIN) 58593
650 ## - SUBJECT ADDED ENTRY--TOPICAL TERM
Topical term or geographic name as entry element Hindi -- Literature
9 (RLIN) 58594
650 ## - SUBJECT ADDED ENTRY--TOPICAL TERM
Topical term or geographic name as entry element Hindi -- Fiction
9 (RLIN) 27248
942 ## - ADDED ENTRY ELEMENTS (KOHA)
Source of classification or shelving scheme Dewey Decimal Classification
Koha item type Hindi Books
Classification part
Call number suffix मित्रवि
Holdings
Withdrawn status Lost status Damaged status Not for loan Home library Current library Date acquired Source of acquisition Cost, normal purchase price Total Checkouts Total Renewals Full call number Barcode Date last seen Date checked out Copy number Cost, replacement price Price effective from Koha item type
        Central Library Central Library 18/08/2015 Cen Lib/Ret 40.00 1 2 उ मित्रवि A-582654 27/05/2024 15/04/2024 1 40.00 18/08/2015 Hindi Books

© Delhi Public Library
Hit Counter
free hit counter